| 000 | 00465nam a2200181Ia 4500 | ||
|---|---|---|---|
| 001 | 15722 | ||
| 005 | 20260306170217.0 | ||
| 008 | 260306t1981||||xx |||||||||||||| ||und|| | ||
| 041 | _aESP | ||
| 082 |
_a599.9 _bP74 1981 |
||
| 100 |
_aPoirier, Frank E. _eAUT |
||
| 245 | 0 |
_aIn search of ourselves: _ban introduction to physical anthropology |
|
| 260 | _c1981 | ||
| 300 |
_a524 páginas : _c23 cm. |
||
| 650 | _aGEN | ||
| 654 | _aCCN | ||
| 942 |
_cLIB _dJUS _fJUS _2ddc _n |
||
| 999 |
_c15722 _d15722 |
||